000 00944cam a2200253 a 4500
001 000003410
005 20200929150432.0
008 830309s1981 sp 000 p spa
020 _a8485762045
040 _aDO-SdBNP
_bspa
_cBNPHU
041 1 7 _aspa
_heng
082 _a811.008
_bW721v
100 1 _aWilliams, William Carlos,
_d1883 -1963
_910631
245 1 0 _aViaje hacia el amor y otros poemas (1954-1962) /
_cWilliam Carlos Williams; traducción, Carmen Martín Gaite.
260 _aMadrid :
_bTriete,
_c1981.
300 _a240 p. ;
_c20 cm.
534 _aTítulo original: Pictures from brueghel and others poems (Collected poems 1950-1962)
504 _aIncluye notas al pie de las páginas
504 _aIncluye referencias bibliográficas
650 4 _aPoesía estadounidense
_96278
650 4 _aPoesías
_xColecciones
_910632
650 4 _aLiteratura estadounidense
_9263
700 1 _aMartín Gaite, Carmen,
_d1925-2000
_etr.
_910633
999 _c3240
_d3240